000 00286nam a2200109Ia 4500
005 20251222154407.0
008 251222s9999||||xx |||||||||||||| ||spa||
082 _a344.046/M86
100 _a"Morales Castillo, Fabiola"
245 0 _aLey general del ambiente (Ley N° 28611)
942 _cLIB
999 _c35522
_d35522